Movies Quiz

Random Movies or Marvel Quiz

Groot's Spoken Words Quiz Stats

 Plays Quiz Updated May 2, 2015

Challenge
Share
Tweet
Embed
Score 0/5 Timer 01:00
5 Plays Today
% Correct
Groot
99.2%
I
98%
Am
97.2%
We
73.1%
Are
71.7%

You're not logged in!

Compare scores with friends on all Sporcle quizzes.
Join for Free
OR
Log In

You Might Also Like...

Show Comments

Extras

Top Quizzes Today


Score Distribution

Your Account Isn't Verified!

In order to create a playlist on Sporcle, you need to verify the email address you used during registration. Go to your Sporcle Settings to finish the process.

Report this User

Report this user for behavior that violates our Community Guidelines.

Details: